Statistics for Click the Movie Title Ending #2

Click here to take the quiz!

General Stats

  • This quiz has been taken 50,286 times
  • The average score is 17 of 24

Answer Stats

HintAnswer% Correct
SherlockHolmes
96%
FindingNemo
95%
HomeAlone
94%
SuicideSquad
92%
LegallyBlonde
90%
JusticeLeague
88%
FinalDestination
86%
LoveActually
81%
NationalTreasure
79%
FatalAttraction
75%
ReservoirDogs
73%
GranTorino
73%
JerryMaguire
72%
Rosemary'sBaby
69%
HappyGilmore
69%
NachoLibre
68%
RedDawn
65%
DeepImpact
63%
DoctorZhivago
61%
BlazingSaddles
53%
CapeFear
52%
CoyoteUgly
51%
MidnightCowboy
48%
GetCarter
40%

Score Distribution

Percentile by Number Answered

Percent of People with Each Score

Your Score History

You have not taken this quiz